Elementos - ¡Muerte súbita! - Estadísticas

Estadísticas generales
  • Esta prueba ha sido intentada 35.282 veces
  • La puntuación promedio es 10 de 26
Answers on the Grid
Answers color-coded by a green-red scale on the quiz's grid according to % correct below.
Acero
Adamantio
Antimonio
Argón
Arsénico
Berkelio
Bronce
Calcio
Canadio
Cesio
Cobalto
Cobre
Copernicio
Cromo
Dióxido
Einstenio
Electro
Estaño
Feldespato
Galactio
Germanio
Hafnio
Helsingborgio
Indio
Kriptón
Lutecio
Manganeso
Moscovio
Newtonio
Nitrógeno
Oro
Osmio
Peltre
Pirita
Polonio
Saturnio
Silicio
Titanio
Torio
Vibranio
 
Estadísticas de respuestas
Respuesta % Correcto
Argón
71%
Arsénico
62%
Calcio
61%
Antimonio
55%
Cobre
49%
Oro
46%
Cobalto
45%
Cromo
45%
Cesio
44%
Estaño
43%
Nitrógeno
42%
Silicio
42%
Titanio
41%
Germanio
38%
Manganeso
38%
Kriptón
37%
Polonio
34%
Indio
31%
Einstenio
28%
Osmio
27%
Copernicio
23%
Berkelio
19%
Hafnio
19%
Lutecio
16%
Torio
16%
Moscovio
15%
No se encontraron pruebas coincidentes
Distribución de puntuación
Porcentaje de gente con cada puntuación
Porcentaje por número respondido
Historial de tus puntuaciones
No has intentado esta prueba.